[Event "ESP-ch Rapid"]
[Site "Linares"]
[Date "2023.08.19"]
[Round "7"]
[White "Almagro Mazariegos, Sebastian"]
[Black "Labiano Hernandez, Juan"]
[Result "1-0"]
[WhiteElo "2258"]
[BlackElo "2323"]
[PlyCount "125"]
[EventDate "2023.08.19"]
[EventType "swiss (rapid)"]
[EventRounds "10"]
[EventCountry "ESP"]
[SourceTitle "CBM 215 Extra"]
[Source "ChessBase"]
[SourceDate "2023.09.30"]
[SourceVersion "1"]
[SourceVersionDate "2023.09.30"]
[SourceQuality "1"]

1. e4 e5 2. Nf3 Nf6 3. Nxe5 Nxe4 4. Qe2 Qe7 5. Qxe4 d6 6. d4 dxe5 7. dxe5 Nc6 8. Nc3 Qxe5 9. Qxe5+ Nxe5 10. Bf4 Bd6 11. Bg3 Bf5 12. 0-0-0 0-0-0 13. Nb5 Kb8 14. Nxd6 cxd6 15. Rxd6 Rxd6 16. Bxe5 Rhd8 17. Bc4 f6 18. Bxd6+ Rxd6 19. Re1 Rd7 20. Re3 Bg6 21. Bd3 Bh5 22. f3 Bg6 23. Bxg6 hxg6 24. h4 a6 25. Re4 Rd5 26. Rg4 g5 27. hxg5 fxg5 28. c4 Rf5 29. Kd2 Kc7 30. Rd4 Rf6 31. Kd3 Kc6 32. b4 Re6 33. a4 Rf6 34. b5+ Kb6 35. bxa6 bxa6 36. Rd5 g4 37. a5+ Kc6 38. fxg4 Rg6 39. g5 Re6 40. Rf5 Re7 41. Kd4 Rd7+ 42. Rd5 Re7 43. Rf5 Rd7+ 44. Ke5 Re7+ 45. Kf4 Re2 46. g4 Rc2 47. c5 Rc4+ 48. Ke5 Rxg4 49. Ke6 g6 50. Re5 Rf4 51. Ke7 Rc4 52. Kf6 Kb5 53. Kxg6 Kxa5 54. Kf7 Rf4+ 55. Ke7 Kb5 56. g6 Rg4 57. Kf7 Rf4+ 58. Ke7 Rg4 59. Kf6 a5 60. g7 a4 61. Rg5 a3 62. Rxg4 a2 63. Rg1 1-0

[Event "ESP-chT CECLUB Div2"]
[Site "Linares"]
[Date "2022.08.24"]
[Round "3.8"]
[White "Labiano Hernandez, Juan"]
[Black "Blanco Diez, David"]
[Result "1/2-1/2"]
[WhiteElo "2212"]
[BlackElo "2251"]
[PlyCount "116"]
[EventDate "2022.08.22"]
[EventType "team-swiss"]
[EventRounds "7"]
[EventCountry "ESP"]
[SourceTitle "CBM 209 Extra"]
[Source "ChessBase"]
[SourceDate "2022.09.30"]
[SourceVersion "1"]
[SourceVersionDate "2022.09.30"]
[SourceQuality "1"]
[WhiteTeam "Oberena"]
[BlackTeam "Jaque Mate"]
[WhiteTeamCountry "ESP"]
[BlackTeamCountry "ESP"]

1. e4 e5 2. Nf3 Nc6 3. Nc3 Nf6 4. d4 exd4 5. Nxd4 Bb4 6. Nxc6 bxc6 7. Bd3 d5 8. exd5 0-0 9. 0-0 Bg4 10. Be2 Bxe2 11. Nxe2 cxd5 12. Bg5 c6 13. Qd4 Be7 14. c4 h6 15. Bh4 c5 16. Qd3 d4 17. Bxf6 Bxf6 18. Ng3 Qb6 19. b3 a5 20. a4 Rfe8 21. Ne4 Re7 22. Rfe1 Rae8 23. Re2 g6 24. Rae1 Kg7 25. Kf1 Bg5 26. g3 Qc6 27. Kg1 Re6 28. h4 Bd8 29. Nd2 f5 30. Rxe6 Rxe6 31. Rxe6 Qxe6 32. Kg2 g5 33. hxg5 hxg5 34. Qf3 Bf6 35. Qd5 Qe2 36. Nf1 Kg6 37. Qxc5 f4 38. Qd5 d3 39. Qf3 Be5 40. gxf4 Bxf4 41. c5 Qc2 42. Qe4+ Kf7 43. c6 Qc3 44. Ne3 Bxe3 45. Qxe3 g4 46. c7 Qc6+ 47. Kg1 Qxc7 48. Qxd3 Kf6 49. Qd5 Qe5 50. Qd3 Kg5 51. Kg2 Kf4 52. Qd2+ Kf5 53. Kf1 Qa1+ 54. Ke2 Qe5+ 55. Kd1 Qa1+ 56. Kc2 Qa2+ 57. Kc3 Qxd2+ 58. Kxd2 Ke4 1/2-1/2

[Event "Pamplona FNA 2nd"]
[Site "Pamplona"]
[Date "2022.01.09"]
[Round "9"]
[White "Labiano Hernandez, Juan"]
[Black "Escartin Lacasa, Jose"]
[Result "1-0"]
[WhiteElo "2231"]
[BlackElo "2315"]
[PlyCount "49"]
[EventDate "2022.01.02"]
[EventType "tourn"]
[EventRounds "9"]
[EventCountry "ESP"]
[EventCategory "4"]
[SourceTitle "EXT 2023"]
[Source "ChessBase"]
[SourceDate "2022.10.05"]
[SourceVersion "1"]
[SourceVersionDate "2022.10.05"]
[SourceQuality "1"]

1. e4 c5 2. Nf3 e6 3. c4 Nc6 4. Nc3 Nf6 5. Be2 d5 6. exd5 exd5 7. d4 Be6 8. Be3 cxd4 9. Nxd4 Nxd4 10. Bxd4 dxc4 11. Bf3 Qd7 12. Bxf6 gxf6 13. Qxd7+ Kxd7 14. Bxb7 Rb8 15. 0-0-0+ Kc7 16. Bf3 Bh6+ 17. Kc2 Bf4 18. Nd5+ Bxd5 19. Rxd5 Be5 20. Rb1 Rb4 21. a3 Ra4 22. Rbd1 c3 23. Rc5+ Kb6 24. Rc6+ Kb5 25. bxc3 1-0

[Event "EU-ch Hybrid U18"]
[Site "Tornelo INT"]
[Date "2021.10.15"]
[Round "3"]
[White "Labiano Hernandez, Juan"]
[Black "Ozdemir, Serhan Berat"]
[Result "0-1"]
[WhiteElo "2259"]
[BlackElo "2118"]
[PlyCount "88"]
[EventDate "2021.10.15"]
[EventType "swiss"]
[EventRounds "9"]
[EventCountry "NET"]
[SourceTitle "EXT 2023"]
[Source "ChessBase"]
[SourceDate "2022.10.05"]
[SourceVersion "1"]
[SourceVersionDate "2022.10.05"]
[SourceQuality "1"]
[WhiteTeam "Spain"]
[BlackTeam "Turkey"]
[WhiteTeamCountry "ESP"]
[BlackTeamCountry "TUR"]

1. e4 c5 2. Nf3 e6 3. b3 a6 4. c4 Nc6 5. Bb2 Nf6 6. Nc3 Qc7 7. Be2 b6 8. 0-0 Bd6 9. h3 Bb7 10. Re1 h5 11. d4 cxd4 12. Nxd4 Nxd4 13. Qxd4 Bc5 14. Qd3 0-0-0 15. Bf1 Qf4 16. Qf3 Qg5 17. Na4 d6 18. Bc1 Qg6 19. Bd3 Nd7 20. Nxc5 bxc5 21. Bc2 Qf6 22. Qxf6 gxf6 23. Bb2 Rhg8 24. f3 e5 25. f4 f5 26. Rf1 fxe4 27. Rae1 e3 28. Re2 Rg3 29. Bh7 Rh8 30. Kh2 h4 31. fxe5 Rxh7 32. exd6 Rh6 33. Rf4 Rhg6 34. Rg4 R6xg4 35. hxg4 Be4 36. Bc1 Ne5 37. Kg1 Nxg4 38. Ba3 Bf3 39. Rc2 e2 40. d7+ Kxd7 41. Rd2+ Kc6 42. Rd6+ Kxd6 43. Bxc5+ Kxc5 44. b4+ Kxb4 0-1

[Event "ESP-ch 86th"]
[Site "Linares"]
[Date "2021.08.18"]
[Round "3"]
[White "Labiano Hernandez, Juan"]
[Black "Rodriguez Garcia, Miguel"]
[Result "1-0"]
[WhiteElo "2217"]
[BlackElo "1911"]
[PlyCount "49"]
[EventDate "2021.08.16"]
[EventType "swiss"]
[EventRounds "9"]
[EventCountry "ESP"]
[SourceTitle "CBM 204 Extra"]
[Source "ChessBase"]
[SourceDate "2021.11.30"]
[SourceVersion "1"]
[SourceVersionDate "2021.11.30"]
[SourceQuality "1"]

1. e4 c6 2. d4 d5 3. exd5 cxd5 4. c3 Nc6 5. Bf4 Nf6 6. Nf3 e6 7. Bd3 Bd6 8. Bg3 0-0 9. Qe2 a6 10. Nbd2 b5 11. Ne5 Bxe5 12. dxe5 Nd7 13. Nf3 Bb7 14. 0-0 h6 15. Rae1 Nc5 16. Bb1 Rc8 17. Bh4 Qb6 18. Qc2 Ne4 19. Rxe4 dxe4 20. Qxe4 g6 21. Qf4 Kh7 22. Bf6 Nb8 23. Ng5+ Kg8 24. Qh4 h5 25. Qxh5 1-0

[Event "ESP-ch U18"]
[Site "Salobrena"]
[Date "2021.07.30"]
[Round "7"]
[White "Masague Artero, Guerau"]
[Black "Labiano Hernandez, Juan"]
[Result "1/2-1/2"]
[WhiteElo "2283"]
[BlackElo "2210"]
[PlyCount "71"]
[EventDate "2021.07.26"]
[EventType "swiss"]
[EventRounds "9"]
[EventCountry "ESP"]
[SourceTitle "CBM 203 Extra"]
[Source "ChessBase"]
[SourceDate "2021.09.30"]
[SourceVersion "1"]
[SourceVersionDate "2021.09.30"]
[SourceQuality "1"]

1. d4 Nf6 2. c4 e6 3. Nf3 d5 4. Nc3 Bb4 5. cxd5 exd5 6. Bf4 0-0 7. e3 c6 8. Bd3 Re8 9. Qb3 Bd6 10. Bxd6 Qxd6 11. 0-0 Nbd7 12. Qc2 Nf8 13. Rab1 a5 14. a3 Ng6 15. h3 Qe7 16. b4 axb4 17. axb4 Ne4 18. b5 Ng5 19. Nxg5 Qxg5 20. bxc6 bxc6 21. f4 Qf6 22. Rbe1 Ba6 23. Bxa6 Rxa6 24. f5 Nf8 25. Kh1 Ra3 26. Qd2 Qg5 27. Qb2 Rea8 28. e4 dxe4 29. Nxe4 Qh4 30. f6 g6 31. Nd6 Qg3 32. Nxf7 Ra2 33. Nh6+ Kh8 34. Nf7+ Kg8 35. Nh6+ Kh8 36. Nf7+ 1/2-1/2

[Event "ESP-ch U18"]
[Site "Salobrena"]
[Date "2021.07.29"]
[Round "6"]
[White "Labiano Hernandez, Juan"]
[Black "Quispe Arteaga, Gabriel"]
[Result "1/2-1/2"]
[WhiteElo "2210"]
[BlackElo "2392"]
[PlyCount "105"]
[EventDate "2021.07.26"]
[EventType "swiss"]
[EventRounds "9"]
[EventCountry "ESP"]
[SourceTitle "CBM 203 Extra"]
[Source "ChessBase"]
[SourceDate "2021.09.30"]
[SourceVersion "1"]
[SourceVersionDate "2021.09.30"]
[SourceQuality "1"]

1. e4 c5 2. Nf3 e6 3. b3 a6 4. Bb2 Nc6 5. d4 cxd4 6. Nxd4 Qf6 7. Be2 Bc5 8. c3 Nge7 9. 0-0 0-0 10. Qd2 e5 11. Nxc6 dxc6 12. Ba3 Bxa3 13. Nxa3 Be6 14. Qe3 Rad8 15. Rad1 Ng6 16. g3 Qe7 17. Nc2 Rxd1 18. Rxd1 Rd8 19. Rxd8+ Qxd8 20. Nb4 Nf8 21. Nd3 Qa5 22. Qd2 Nd7 23. Kg2 h6 24. f3 Qa3 25. c4 a5 26. Qb2 Qd6 27. Qc3 b6 28. f4 f6 29. Bf3 Kh7 30. f5 Bf7 31. g4 a4 32. Be2 Qa3 33. Qc2 axb3 34. axb3 Kg8 35. Kf3 Qa1 36. Qc1 Qd4 37. Qe3 Qc3 38. Nf2 Qb4 39. Bd1 Kh7 40. Nd3 Qc3 41. Nf2 Qb2 42. Qe2 Qa1 43. Qe3 Nc5 44. h4 Qa3 45. Kg2 Qb2 46. Kg3 Kg8 47. g5 hxg5 48. hxg5 fxg5 49. Bf3 Nxb3 50. Qxb6 Qc3 51. Qd8+ Kh7 52. Qxg5 Nd4 53. Qh4+ 1/2-1/2

[Event "ESP-ch U18"]
[Site "Salobrena"]
[Date "2021.07.28"]
[Round "5"]
[White "Perea Fruet, Lorenzo"]
[Black "Labiano Hernandez, Juan"]
[Result "0-1"]
[WhiteElo "2004"]
[BlackElo "2210"]
[PlyCount "64"]
[EventDate "2021.07.26"]
[EventType "swiss"]
[EventRounds "9"]
[EventCountry "ESP"]
[SourceTitle "CBM 203 Extra"]
[Source "ChessBase"]
[SourceDate "2021.09.30"]
[SourceVersion "1"]
[SourceVersionDate "2021.09.30"]
[SourceQuality "1"]

1. e4 e5 2. Nf3 Nc6 3. d4 exd4 4. Nxd4 Nf6 5. Nxc6 bxc6 6. Bd3 d5 7. exd5 cxd5 8. 0-0 Be7 9. c4 d4 10. Bg5 0-0 11. Nd2 Rb8 12. Rb1 h6 13. Bxf6 Bxf6 14. b4 Bb7 15. Qc2 Re8 16. Rfe1 Be5 17. Be4 Bxe4 18. Rxe4 d3 19. Qb3 Bxh2+ 20. Kxh2 Rxe4 21. Nxe4 Qh4+ 22. Kg1 Qxe4 23. Rd1 Rd8 24. Qc3 h5 25. c5 h4 26. f3 Qe3+ 27. Kh2 Qf4+ 28. Kh1 d2 29. a4 Rd5 30. b5 Qg3 31. Qe3 h3 32. gxh3 Rh5 0-1

[Event "ESP-ch U18"]
[Site "Salobrena"]
[Date "2021.07.27"]
[Round "3"]
[White "Del Carmen Hernandez, Aimer"]
[Black "Labiano Hernandez, Juan"]
[Result "0-1"]
[WhiteElo "2019"]
[BlackElo "2210"]
[PlyCount "72"]
[EventDate "2021.07.26"]
[EventType "swiss"]
[EventRounds "9"]
[EventCountry "ESP"]
[SourceTitle "CBM 203 Extra"]
[Source "ChessBase"]
[SourceDate "2021.09.30"]
[SourceVersion "1"]
[SourceVersionDate "2021.09.30"]
[SourceQuality "1"]

1. Nf3 Nf6 2. c4 Nc6 3. d4 e6 4. g3 Bb4+ 5. Bd2 Qe7 6. a3 Bxd2+ 7. Nbxd2 d6 8. Bg2 0-0 9. 0-0 e5 10. d5 Nb8 11. Qc2 a5 12. Nh4 a4 13. f4 Ng4 14. Be4 g6 15. f5 Qg5 16. Rf3 Nd7 17. h3 Ngf6 18. Raf1 Nc5 19. Kh2 Bd7 20. Bd3 Kg7 21. Ne4 Ncxe4 22. Bxe4 b6 23. Bd3 Qh6 24. fxg6 fxg6 25. e4 g5 26. Qc1 Bxh3 27. Rxf6 Rxf6 28. Kxh3 gxh4 29. Qxh6+ Rxh6 30. gxh4 Rf8 31. Kg4 Rg6+ 32. Kh5 Rxf1 33. Bxf1 Rg1 34. Bh3 Rb1 35. Bd7 Rxb2 36. Bxa4 Re2 0-1

[Event "ESP-ch 85th"]
[Site "Linares"]
[Date "2020.09.05"]
[Round "6"]
[White "Vega Gutierrez, Sabrina Neide"]
[Black "Labiano Hernandez, Juan"]
[Result "1-0"]
[WhiteElo "2380"]
[BlackElo "2176"]
[PlyCount "77"]
[EventDate "2020.08.31"]
[EventType "swiss"]
[EventRounds "9"]
[EventCountry "ESP"]
[SourceTitle "EXT 2021"]
[Source "ChessBase"]
[SourceDate "2020.10.23"]
[SourceVersion "1"]
[SourceVersionDate "2020.10.23"]
[SourceQuality "1"]

1. e4 e5 2. Nf3 Nc6 3. Nc3 Nf6 4. g3 Bc5 5. Bg2 d6 6. 0-0 Bg4 7. h3 Be6 8. d3 Qd7 9. Ng5 Nd4 10. Kh2 h6 11. Nxe6 fxe6 12. a4 0-0-0 13. Nb1 a5 14. Bd2 h5 15. Bxa5 Qf7 16. Be1 Nc6 17. c3 Rdf8 18. Qe2 Qg6 19. b4 Ba7 20. f3 h4 21. g4 Ne7 22. b5 Nh7 23. a5 Bc5 24. Nd2 Qg5 25. Nb3 Be3 26. b6 Ng6 27. bxc7 Bf4+ 28. Kh1 Bg3 29. a6 b6 30. d4 Bxe1 31. Qb5 Qe7 32. a7 Kxc7 33. Na5 bxa5 34. Rb1 Rc8 35. Qb7+ Kd8 36. Qxc8+ Kxc8 37. a8Q+ Kc7 38. Rb7+ Kc6 39. Qa6# 1-0

[Event "ESP-ch 85th"]
[Site "Linares"]
[Date "2020.09.04"]
[Round "5"]
[White "Labiano Hernandez, Juan"]
[Black "Ruiz Buendia, Miguel"]
[Result "1-0"]
[WhiteElo "2176"]
[BlackElo "2044"]
[PlyCount "49"]
[EventDate "2020.08.31"]
[EventType "swiss"]
[EventRounds "9"]
[EventCountry "ESP"]
[SourceTitle "EXT 2021"]
[Source "ChessBase"]
[SourceDate "2020.10.23"]
[SourceVersion "1"]
[SourceVersionDate "2020.10.23"]
[SourceQuality "1"]

1. e4 c5 2. Nf3 d6 3. d4 Nf6 4. dxc5 Nxe4 5. cxd6 Nc6 6. Na3 Nxd6 7. Bf4 e5 8. Nxe5 Qa5+ 9. Qd2 Qxd2+ 10. Kxd2 Ne4+ 11. Ke3 Bf5 12. Nxc6 bxc6 13. Bd3 Bc5+ 14. Kf3 g5 15. Be3 Bd6 16. g4 Nxf2 17. Bxf2 Be6 18. Bf5 Bd5+ 19. Be4 Rb8 20. Bxd5 cxd5 21. Rhe1+ Kd7 22. Rad1 Kc6 23. c4 Rxb2 24. cxd5+ Kd7 25. Nc4 1-0

[Event "ESP-ch 85th"]
[Site "Linares"]
[Date "2020.09.02"]
[Round "3"]
[White "Labiano Hernandez, Juan"]
[Black "Alfonso Pellisa, Aaron"]
[Result "1-0"]
[WhiteElo "2176"]
[BlackElo "1976"]
[PlyCount "61"]
[EventDate "2020.08.31"]
[EventType "swiss"]
[EventRounds "9"]
[EventCountry "ESP"]
[SourceTitle "EXT 2021"]
[Source "ChessBase"]
[SourceDate "2020.10.23"]
[SourceVersion "1"]
[SourceVersionDate "2020.10.23"]
[SourceQuality "1"]

1. b3 e5 2. Bb2 Nc6 3. e3 Nf6 4. Bb5 Bd6 5. Na3 a6 6. Be2 Bc5 7. d4 exd4 8. exd4 Nxd4 9. Bxd4 Bxa3 10. Nf3 0-0 11. 0-0 Re8 12. Bd3 d5 13. h3 Ne4 14. c4 c5 15. Be5 Bf5 16. Qc2 Bg6 17. Rad1 Kh8 18. Rfe1 f6 19. cxd5 fxe5 20. Bxe4 Bxe4 21. Qxe4 Bb2 22. d6 Qd7 23. Qd5 Bc3 24. Nxe5 Bxe5 25. Rxe5 Rxe5 26. Qxe5 b6 27. Qd5 Rd8 28. Re1 h6 29. Re7 Qb5 30. d7 Rg8 31. Qxg8+ 1-0

[Event "ESP-ch U16"]
[Site "Salobrena"]
[Date "2020.08.14"]
[Round "8"]
[White "Labiano Hernandez, Juan"]
[Black "Gines Esteo, Pedro Antonio"]
[Result "0-1"]
[WhiteElo "2176"]
[BlackElo "2454"]
[PlyCount "126"]
[EventDate "2020.08.10"]
[EventType "swiss"]
[EventRounds "9"]
[EventCountry "ESP"]
[SourceTitle "EXT 2021"]
[Source "ChessBase"]
[SourceDate "2020.10.23"]
[SourceVersion "1"]
[SourceVersionDate "2020.10.23"]
[SourceQuality "1"]

1. e4 c6 2. Nc3 d5 3. Nf3 Bg4 4. h3 Bxf3 5. Qxf3 e6 6. Qg3 Nd7 7. d4 a6 8. Bd3 g6 9. 0-0 Bg7 10. Bg5 Qb6 11. Rfe1 Ngf6 12. e5 Nh5 13. Qh4 Bf8 14. Qg4 Ng7 15. a3 Nf5 16. Bxf5 gxf5 17. Qf4 Qxb2 18. Qd2 Qb6 19. Reb1 Qc7 20. Ne2 Rg8 21. a4 a5 22. Nf4 Rxg5 23. Nxe6 Rxg2+ 24. Kxg2 fxe6 25. Qg5 Nb6 26. Qh5+ Kd7 27. Kh1 Be7 28. Rg1 Re8 29. Rg7 c5 30. Rag1 cxd4 31. Rg8 Rxg8 32. Rxg8 Kc6 33. Rg7 Nxa4 34. Qxh7 Qxe5 35. Rxe7 Nc5 36. Qg8 Kb5 37. Rg7 Qe4+ 38. Rg2 a4 39. Qe8+ Kc4 40. Qd8 Qxc2 41. Qa5 Qc3 42. Qb6 Qxh3+ 43. Kg1 Qb3 44. Qa7 d3 45. f3 a3 46. Kh2 Qa4 47. Qb8 Qb4 48. Rg1 Qd2+ 49. Kh3 Qh6+ 50. Kg3 Qg7+ 51. Kf2 Qd4+ 52. Kg2 Qxg1+ 53. Kxg1 d2 54. Qf4+ Kd3 55. Kf2 d1Q 56. Qe3+ Kc4 57. Qxa3 Nd3+ 58. Kg3 Qe1+ 59. Kh2 Qh4+ 60. Kg2 Nf4+ 61. Kf1 Qh1+ 62. Kf2 Qh2+ 63. Ke3 d4# 0-1

[Event "ESP-ch U16"]
[Site "Salobrena"]
[Date "2020.08.12"]
[Round "4"]
[White "Atipov Hadzhiev, Cristian"]
[Black "Labiano Hernandez, Juan"]
[Result "0-1"]
[WhiteElo "2001"]
[BlackElo "2176"]
[PlyCount "58"]
[EventDate "2020.08.10"]
[EventType "swiss"]
[EventRounds "9"]
[EventCountry "ESP"]
[SourceTitle "EXT 2021"]
[Source "ChessBase"]
[SourceDate "2020.10.23"]
[SourceVersion "1"]
[SourceVersionDate "2020.10.23"]
[SourceQuality "1"]

1. e4 Nf6 2. Nc3 e5 3. Nf3 Nc6 4. d4 exd4 5. Nxd4 Bb4 6. Nxc6 bxc6 7. Bd3 d5 8. exd5 cxd5 9. 0-0 0-0 10. Bg5 c6 11. Qf3 Bd6 12. Bxf6 Qxf6 13. Qxf6 gxf6 14. Ne2 Be5 15. Rab1 Rb8 16. b4 Bd7 17. c4 dxc4 18. Bxc4 Bf5 19. Rbd1 Rxb4 20. f4 Bc7 21. Bd3 Be6 22. Rf3 Rd8 23. Rdf1 Kh8 24. Rc1 c5 25. Kh1 c4 26. Bc2 Rd2 27. Bd1 Rbb2 28. Re3 Bb6 29. Re4 Bg4 0-1

[Event "EU-ch Online U2300 Final"]
[Site "Chess.com INT"]
[Date "2020.05.26"]
[Round "3"]
[White "Labiano Hernandez, Juan"]
[Black "Caputcuoglu, Zeki Berke"]
[Result "1-0"]
[WhiteElo "2158"]
[BlackElo "2138"]
[PlyCount "83"]
[EventDate "2020.05.26"]
[EventType "swiss"]
[EventRounds "8"]
[EventCountry "NET"]
[SourceTitle "CBM 196 Extra"]
[Source "ChessBase"]
[SourceDate "2020.07.31"]
[SourceVersion "1"]
[SourceVersionDate "2020.07.31"]
[SourceQuality "1"]

1. e4 c5 2. Nf3 d6 3. d4 cxd4 4. Qxd4 a6 5. c4 Nc6 6. Qd1 g6 7. Nc3 Bg7 8. Be2 Nf6 9. Be3 Bg4 10. 0-0 0-0 11. h3 Bxf3 12. Bxf3 Nd7 13. Rc1 Rc8 14. Be2 Nc5 15. f3 Ne6 16. Qd2 Bd4 17. Rfd1 Qb6 18. Bxd4 Qxd4+ 19. Qxd4 Nexd4 20. Kf2 Nxe2 21. Kxe2 Rfd8 22. b3 Kf8 23. Ke3 e6 24. f4 Ke7 25. g4 g5 26. f5 Ne5 27. Ne2 b5 28. cxb5 axb5 29. Nd4 b4 30. Nf3 Nxf3 31. Kxf3 Ra8 32. Rc7+ Rd7 33. Rdc1 Rxa2 34. f6+ Ke8 35. Rc8+ Rd8 36. R1c7 Ra8 37. Re7+ Kf8 38. Rcc7 d5 39. Rxf7+ Kg8 40. Rg7+ Kf8 41. e5 d4 42. Rxh7 1-0

[Event "EU-ch Online U2300 Final"]
[Site "Chess.com INT"]
[Date "2020.05.26"]
[Round "7"]
[White "Tevzadze, Mariam"]
[Black "Labiano Hernandez, Juan"]
[Result "0-1"]
[WhiteElo "1834"]
[BlackElo "2158"]
[PlyCount "82"]
[EventDate "2020.05.26"]
[EventType "swiss"]
[EventRounds "8"]
[EventCountry "NET"]
[SourceTitle "CBM 196 Extra"]
[Source "ChessBase"]
[SourceDate "2020.07.31"]
[SourceVersion "1"]
[SourceVersionDate "2020.07.31"]
[SourceQuality "1"]

1. d4 Nf6 2. Nf3 c5 3. c3 d5 4. Bf4 Nc6 5. e3 Qb6 6. Qb3 c4 7. Qxb6 axb6 8. Na3 Rxa3 9. bxa3 b5 10. Ne5 Bf5 11. Nxc6 bxc6 12. f3 e6 13. a4 b4 14. g4 Bg6 15. Kf2 bxc3 16. Be2 Ba3 17. e4 Bb2 18. Rac1 0-0 19. h4 h5 20. gxh5 Nxh5 21. Bd6 Ra8 22. Ke3 Bxc1+ 23. Rxc1 Rxa4 24. a3 Nf6 25. e5 Ne8 26. Bb4 c2 27. h5 Bf5 28. Rg1 Nc7 29. h6 g6 30. Be7 Kh7 31. Ra1 Nb5 32. Bc5 g5 33. Kd2 c3+ 34. Ke3 Nxa3 35. Bxa3 Rxa3 36. Rc1 Kxh6 37. Bd3 Kg6 38. Rxc2 Bxd3 39. Kxd3 Kf5 40. Rh2 c2+ 41. Kxc2 Ra2+ 0-1

[Event "EU-ch Online U2300 Qual"]
[Site "Chess.com INT"]
[Date "2020.05.25"]
[Round "4"]
[White "Mirimanian, Hayk"]
[Black "Labiano Hernandez, Juan"]
[Result "1-0"]
[WhiteElo "2268"]
[BlackElo "2158"]
[PlyCount "125"]
[EventDate "2020.05.25"]
[EventType "swiss"]
[EventRounds "8"]
[EventCountry "NET"]
[SourceTitle "EXT 2021"]
[Source "ChessBase"]
[SourceDate "2020.10.23"]
[SourceVersion "1"]
[SourceVersionDate "2020.10.23"]
[SourceQuality "1"]

1. e4 e5 2. Nf3 Nf6 3. Nxe5 Nxe4 4. Qe2 Qe7 5. Qxe4 d6 6. d4 dxe5 7. dxe5 Nc6 8. Bb5 Bd7 9. Nc3 a6 10. Nd5 Qd8 11. Bc4 Bc5 12. c3 0-0 13. Bd3 f5 14. exf6 Re8 15. Ne7+ Nxe7 16. Qxh7+ Kf7 17. Qxg7+ Ke6 18. 0-0 Nf5 19. Bxf5+ Kxf5 20. Qg5+ Ke6 21. Qxc5 Qxf6 22. Bg5 Qf5 23. Rfe1+ Kf7 24. Qxc7 Rac8 25. Qf4 Qxf4 26. Bxf4 Rg8 27. f3 Bc6 28. Kf2 Rcf8 29. Bd6 Rd8 30. Rad1 Rd7 31. Bf4 Rgd8 32. Rxd7+ Rxd7 33. g4 Rd3 34. Re3 Rd2+ 35. Re2 Rd3 36. Be3 Bd5 37. Rd2 Rxd2+ 38. Bxd2 Bxa2 39. Kg3 b5 40. b4 Bc4 41. Be3 Kg6 42. Bd4 Bd3 43. h4 Bc2 44. h5+ Kh6 45. Be3+ Kg7 46. f4 Bd1 47. f5 Kf6 48. Kf4 Kf7 49. Bd4 Kg8 50. h6 Kh7 51. g5 Bc2 52. Bg7 Kg8 53. g6 a5 54. bxa5 b4 55. Bd4 b3 56. h7+ Kf8 57. h8Q+ Ke7 58. Qf6+ Kd7 59. Qe6+ Kc7 60. Be5+ Kb7 61. Qd7+ Ka6 62. Qc6+ Kxa5 63. Bc7# 1-0